Cuaderno de bitacora

সংরক্ষণ করুন:
গ্রন্থ-পঞ্জীর বিবরন
প্রধান লেখক: Escalante y Huidobro, Pedro de
বিন্যাস: গ্রন্থ
ভাষা:Undetermined
প্রকাশিত: Madrid, España Editora Nacional 1965
বিষয়গুলি:
ট্যাগগুলো: ট্যাগ যুক্ত করুন
কোনো ট্যাগ নেই, প্রথমজন হিসাবে ট্যাগ করুন!

MARC

LEADER 00000nam a2200000Ia 4500
008 170316s9999 xx 000 0 und d
040 |a cru BVZT 
090 |a 862 E-5c 
100 |a Escalante y Huidobro, Pedro de 
245 |a Cuaderno de bitacora 
260 |a Madrid, España 
260 |b Editora Nacional 
260 |c 1965 
300 |a 193 páginas 
650 |a LITERATURA ESPAÑOLA 
999 |c 9830  |d 9830 
942 |c 15 D  |h 862 E-5c  |2 z